El análisis de la conducta (Registro nro. 10828)

000 -CABECERA
Campo de control de longitud fija 01958nam a22002777a 4500
003 - IDENTIFICADOR DEL NÚMERO DE CONTROL
Campo de control OSt
005 - FECHA Y HORA DE LA ÚLTIMA TRANSACCIÓN
Campo de control 20260416154202.0
008 - CÓDIGOS DE INFORMACIÓN DE LONGITUD FIJA
Campo de control de longitud fija 260409t1991 xxu||||| |||| 00| 0 spa d
020 ## - NÚMERO INTERNACIONAL NORMALIZADO PARA LIBROS (ISBN)
Número Internacional Normalizado para Libros (ISBN) 9681839684
040 ## - FUENTE DE LA CATALOGACIÓN
Centro catalogador de origen Unicoc
Lengua de catalogación spa
Centro que cataloga Bogotá (Dr. David Ordóñez Rueda) - Campus Norte
Centro modificador Bogotá (Dr. David Ordóñez Rueda) - Campus Norte
082 ## - NÚMERO DE LA CLASIFICACIÓN DECIMAL DEWEY
Número de clasificación 150.1943
100 ## - PUNTO DE ACCESO PRINCIPAL - NOMBRE DE PERSONA
9 (RLIN) 12755
Nombre de persona Skinner, Burrhus Frederic
245 ## - MENCIÓN DE TÍTULO
Título El análisis de la conducta
Subtitulo o Resto del título : una visión retrospectiva
Mención de responsabilidad etc. / Burrhus Frederic Skinner
250 ## - MENCIÓN DE EDICIÓN
Mención de edición 1 Ed.
260 ## - PUBLICATION, DISTRIBUTION, ETC. (IMPRINT)
Lugar de publicación distribución etc. México :
Nombre del editor distribuidor etc. Limusa ,
Fecha de publicación distribución etc. 1991
300 ## - DESCRIPCIÓN FÍSICA
Extensión 183 páginas
500 ## - NOTA GENERAL
Nota general Incluye Índice y Bibliografía
505 ## - NOTA DE CONTENIDO CON FORMATO
Título Parte 1. Enfoques teóricos. --
-- Capítulo 1. Función que desempeñan los sentimientos en el análisis de la conducta. --
-- Capítulo 2. Orígenes del pensamiento cognoscitivo. --
-- Capítulo 3. El yo como punto de partida. --
-- Capítulo 4. El escucha. --
-- Capítulo 5. Genes y conducta. --
-- Parte 2. Enfoques profesionales. --
-- Capítulo 6. ¿Qué sucedió con la psicología como ciencia de la conducta?. --
-- Capítulo 7. El lado operante de la terapia conductual. --
-- Capítulo 8. La escuela del futuro. --
-- Capítulo 9. Revaloración de la enseñanza programada: extractos de otro artículo sobre aparatos de enseñanza. --
-- Parte 3. Planteamientos personales. --
-- Capítulo 10. Behaviorism and logical positivism (conductismo y positivismo lógico) de Laurence Smith. --
-- Capítulo 11. Nuevo prólogo a Beyond Freedom and Dignity (Más allá de la libertad y la dignidad). --
-- Capítulo 12. The Behavior of Organisms (La conducta de los organismos) 50 años después.
526 ## - NOTA DE INFORMACIÓN SOBRE EL PROGRAMA DE ESTUDIO
Institución que aplica el campo Unicoc
546 ## - NOTA DE LENGUA
Nota de lengua Español
650 #0 - PUNTO DE ACCESO ADICIONAL DE MATERIA - TÉRMINO DE MATERIA
9 (RLIN) 12798
Término de materia o nombre geográfico como elemento inicial Análisis de la conducta
650 #0 - PUNTO DE ACCESO ADICIONAL DE MATERIA - TÉRMINO DE MATERIA
9 (RLIN) 7815
Término de materia o nombre geográfico como elemento inicial Conductismo (Psicología)
658 #0 - TÉRMINO DE INDIZACIÓN - OBJETIVO CURRICULAR
9 (RLIN) 10741
Programa Académico Programa de Psicología
856 ## - LOCALIZACIÓN Y ACCESO ELECTRÓNICOS
Texto del enlace Acceso online exclusivo para comunidad Unicoc.
Identificador Uniforme del Recurso (URI) https://unicoceduco-my.sharepoint.com/:b:/g/personal/direccionbiblioteca_unicoc_edu_co/IQD6_IHk3QpPSLXlpQvg8pdrAVYAdfnPCGFtVa6sFMWX4yg
942 ## - ENTRADA PARA ELEMENTOS AGREGADOS (KOHA)
Fuente de clasificación o esquema de ordenación en estanterías
Koha [por defecto] tipo de item Libro electrónico
Existencias
Estropeado Fecha última consulta No para préstamo Código de barras Fecha del precio de reemplazo Precio Localización permanente Fuente de adquisición Estado de pérdida Fuente de clasificación o esquema de ordenación en estanterías Tipo de item de Koha Signatura completa Localización actual Fecha de adquisición Código de colección
 2026-04-09 Ebook108282026-04-09200000.00Bogotá (Dr. David Ordóñez Rueda) - Campus NorteCompra  Libro electrónico150.1943Bogotá (Dr. David Ordóñez Rueda) - Campus Norte2026-04-09Coleccion Online

© 2014 UNICOC | Institución Universitaria Colegios de Colombia - UNICOC
Bogotá D.C. Autopista Norte Km. 20. Teléfono:(571)6683535
Cali: Calle 13 Norte No. 3N-13. Teléfono: (572)6608887

Con tecnología de Koha